00885nam a22002537a 4500999001900000005001700019010001500036020002600051035001400077037001300091082001200104245007900116260004100195270011800236300002500354500001900379700001600398700001800414700001900432700001600451700001600467942002600483952012200509 c170015d17001520191210115432.0 aENG-127046 c959.00a9789353062859 aEN-110578 bDBAD/PUB a005.432 aUnix and linux system administration handbook /cby Evi Nemeth ...[et al]  aNoidabPearson India Educationc2020 a15th Floor, Tower-B, World Trade Tower, Plot No.1, Block-C, Sector 16bNoida, Uttar Pradeshe201301k044-66540100 axlvi;1084c23cm(pbk) aIncludes index aNemeth, Evi aSnyder, Garth aHein, Trent R. aWhaley, Ben aMackin, Dan 2ddccENh005.432mUNI 001040708NFICaAVbAVd2019-12-10eDBAD/PUBg959.00l0o005.432 UNIpEN-110578r2019-12-10 00:00:00t1v959.00yEN